00483nam a2200181Ia 450000500170000000800410001702000180005804100120007608200170008810000170010524500610012225000120018326000410019530000200023665000180025665000090027470000180028320260429112141.0260429s9999||||xx |||||||||||||| ||und|| a9781774915264 aEnglish a664.001bNEH aNehra, Manju 0aHandbook of industrial food microbiology / cManju Nehra a1st ed. aUSA : bApple Academic Press,c2025. axvi, 245 p.; hb a Microbiology aFood a Nain, Vikash